The implicit function theorem : history, theory, and applications

Saved in:
Bibliographic Details
Main Author: Krantz, Steven G. (Steven George) 1951-
Other Authors: Parks, Harold R. 1949-
Format: Book
Language:English
Published: Boston : Birkhauser, c2002
Subjects:
Tags: Add Tag
No Tags, Be the first to tag this record!

MARC

LEADER 00000nam a2200000 i 4500
001 1/66466
008 041123s2002 eng d
020 |a 0-8176-4285-4 
035 |l 10075403 
040 |a GR-MY-UA  |b gre  |e aacr 
041 0 |a eng 
082 0 |a 515.8  |2 (21) 
100 1 |a Krantz, Steven G.  |q (Steven George)  |d 1951- 
245 1 4 |a The implicit function theorem :  |b history, theory, and applications /  |c Steven G. Krantz, Harold R. Perks 
260 |a Boston :   |b Birkhauser,   |c c2002 
300 |a xi, 163 σ.;  |c 24 εκ. 
504 |a Περιέχει βιβλιογραφικές αναφορές και ευρετήριο 
650 0 0 |a Implicit functions. 
700 1 |a Parks, Harold R.  |d 1949- 
852 |a INST  |b SAMOS  |e 20041123  |h 515.8 KRA  |p 005300022666  |q 005300022666  |t BK  |y 4  |x 20200217 
901 |a BIBL3-2004-3 
909 |a Σ  |b 116338 
922 |a 3ΕΛΗ  |b 200410  |c ΕΠΕΑΕΚ2/ΤΜΗΜΑ ΜΑΘΗΜΑΤΙΚΩΝ  |d ΜΙΧΑΛΟΠΟΥΛΟΣ 
950 |a 116-2004-09-30 
970 |a ΚΟΣΙΕΡΗΣ  |b ΧΡΗΣΤΟΣ  |z 2004/12/02